000 00706pam a2200229 a 4500
001 2049844
005 20241108163424.0
008 930216s1993 enkab b 001 0 eng
020 _a0471937878 :
_c$41.20
020 _a0471937886 (pbk.) :
_c$32.95
050 0 0 _aZ678.9
_b.T42 1993
082 0 0 _a025.04
_220
100 1 _aTedd, Lucy A.
245 1 3 _aAn introduction to computer-based library systems /
_cLucy A. Tedd.
250 _a3rd ed.
260 _aChichester ;
_aNew York :
_bJ. Wiley,
_cc1993.
300 _axv, 316 p. :
_bill., map ;
_c25 cm.
440 0 _aWiley professional computing
500 _aGLOSSARY, INDEX AND LIST OF ACRONYMS
650 0 _aLibraries
_xAutomation.
942 _2lcc
_cBK
_n0
999 _c914
_d914